000 01144nji a22002897a 4500
005 20100916145430.0
006 a|||||r|||||00| 0
007 sd ammalaaahaa
008 100830t xxu||||| |||| 00| 0 eng d
028 _a7EPE.7552
_bEMI
035 _aGR-02991
040 _aSED
_cSED
100 _917455
_aMohammad Rafi
245 _aJunoon /
_csung by Asha Bhosle; music dtn by Vanraj Bhatia; lyrics by Yogesh Praveen
_h[sound recording] :
246 _aप्यासा / गुरु दत्त फिल्म्स द्वारा
260 _aDum Dum, India
_bEMI
_c1978
300 _a1 sound disc [Gramophone Recording]:
_banalog, 45 rpm
_c7.5 in. (SP)
_fGramophone Record
500 _aBrief Record
500 _aRecord labels : EMI, Red
505 _aSide-1 (Sawan ki aayi bahar re) (Asha Bhosle) Side-2 (Ishq ne todi sar pe qayamat) (Mohammad Rafi)
600 _aBhosle, Asha
_920359
650 _aFilm Song
_zIndia
_91186
_xExcerpts
700 _aBhatia, Vanraj
_920360
700 _aYogesh Praveen
_920361
942 _2ddc
_cGR
999 _c46247
_d46247